[Event "Stepanakert-A"]
[Site "Stepanakert"]
[Date "2005.10.10"]
[Round "8"]
[White "Macieja, Bartlomiej"]
[Black "Asrian, Karen"]
[Result "1-0"]
[WhiteElo "2592"]
[BlackElo "2645"]
[Annotator "Lukacs,P"]
[PlyCount "87"]
[EventDate "2005.10.02"]
[EventType "tourn"]
[EventRounds "9"]
[EventCountry "ARM"]
[EventCategory "17"]
[SourceTitle "CBM 110"]
[Source "ChessBase"]
[SourceDate "2006.01.31"]
[SourceVersion "1"]
[SourceVersionDate "2006.01.31"]
[SourceQuality "1"]

1. e4 c6 2. Nc3 d5 3. d4 dxe4 4. Nxe4 Nf6 5. Nxf6+ gxf6 6. c3 Bf5 7. Nf3 (7.
Ne2 {is the sharp main line}) 7... Nd7 (7... e6 8. g3 {The B is a good
defender on g2, and Black has no real counterplay on the g <->.} Bd6 (8... Bg7)
(8... Qd5 $5) 9. Bg2 (9. Qe2 Nd7 10. Nh4 {White wants to make profit from the
vulnerable B on f5.} Bg6 11. Bg2 Qc7 {is more to the point.} (11... Qe7 $6 12.
O-O O-O-O 13. Re1 Rhe8 14. Be3 {Soon or later White will begin his march of
the << pawns.} Nb6 (14... Kb8 $6 15. b4 $1 {/\ b5 opening uo the lines and
especially the long /^ for the B.} f5 16. b5 c5 17. Qf3 $1 Nf6 18. Nxg6 hxg6
19. dxc5 Be5 20. Bg5 {1-0 Slobodjan-Doeres, Pyramiden Franken Cup 1998}) 15. c4
Bc7 16. Rad1 $14 {with prospects of an assault on the <<.})) 9... Nd7 (9... Be4
$2 {loses vital tempi.} 10. O-O Qe7 (10... Nd7 11. Re1 f5 $2 12. Ng5 $1 Bxg2
13. Qh5 $1 {1-0 Wells-Nestrovic, Harkany op 1994}) 11. Re1 f5 12. Nh4 $1 Rg8 (
12... Bxg2 $2 {is met by the zwischenzug} 13. Nxf5 $1 $18) 13. Bxe4 Qxh4 14.
Bxf5 Nd7 15. Bxe6 $1 {destroying Black's defensive line.} O-O-O (15... fxe6 16.
Rxe6+ Be7 17. Qe2 Kd8 18. Kh1 $18 {with three pawns for the piece and a
devastating ->.}) 16. Bxd7+ Rxd7 17. Qf3 $18 {A.Ivanov-Metrick, New York op
1997}) 10. Nh4 (10. Qe2 Qc7 11. O-O O-O 12. Nh4 Bg6 13. Bh6 Rfe8 14. Rfe1 Bf8
15. Bxf8 Nxf8 16. Rad1 Rad8 17. b4 a5 18. a3 Kg7 19. f4 f5 {The B on g6 is
walled up.} 20. Bf3 $14 {Pribyl-Pezerovic, Bundesliga 1995}) (10. O-O Qc7 (
10... Bg4 11. Re1 Qa5 12. h3 Bxf3 13. Qxf3 Rg8 14. b4 Qc7 15. Rb1 {The black K
cannot find a safe place on the board.} f5 16. c4 Rg6 17. c5 Be7 18. Bf4 $16 {
and Black is pushed to the wall, De Firmian-Henriksson, Rilton Cup op 1993.})
11. Re1 (11. Be3 Bg4 12. Qb3 Bxf3 13. Bxf3 h5 14. c4 h4 15. c5 {just in time!
Otherwise the threat of taking on g3 would be fatal.} Be7 16. Qa4 $16 {
Arnason-Christiansen, Lone Pine 1980}) 11... O-O-O 12. b4 {/\ b5 opening up
the long /^.} (12. c4 c5) 12... e5 13. a4 h5 14. b5 c5 15. Nh4 Bg6 16. a5 {
/\ b6 opening lines against the K.} f5 17. Bg5 Rde8 18. b6 $1 $16 {
Gallagher-Lematschko, SWZ-chT 1991}) 10... Bg6 11. Bh6 (11. O-O O-O (11... Qc7
12. Re1 (12. c4 O-O 13. d5 Rfe8 14. f4 f5 {The B is entombbed, but the N is
also pathetic on f5.} 15. b3 (15. dxc6 bxc6 16. Be3) 15... cxd5 16. cxd5 Be7
17. Be3 exd5 18. Nxg6 hxg6 19. Qxd5 Bc5 $11 {King-Pezerovic, Bundesliga 1995})
12... O-O-O 13. b4 {is the standard << ->.} Nb6 14. Qf3 {The battery on the
long /^ is effective.} Be7 15. a4 Nd5 16. b5 f5 17. c4 Nb4 18. Qc3 $16 {
Gallagher-Bex, Ticino op 1990}) 12. c4 Re8 13. d5 cxd5 14. cxd5 e5 15. f4 exf4
16. Bxf4 Ne5 17. Nxg6 hxg6 {Black has built up a successful blockade on the
dark squares.} 18. Qb3 Qe7 19. Rad1 Rac8 $11 {Seibold-Pezerovic, Obrliga
Bayern 1997}) 11... Qc7 (11... f5 12. O-O Qc7 (12... Nf6 $2 13. Qb3 $1 $16 {
Now Black has problems to defend >< b7, W.Watson-Pezerovic, Germany 2000 CBM
76.}) 13. Re1 O-O-O 14. f4 (14. b4 f4) 14... Rhg8 15. b4 Be7 16. Nf3 Bh5 $13)
12. O-O O-O-O 13. b4 (13. f4 f5 14. b4 {- 13.b4}) 13... f5 (13... Kb8 14. Qe2
e5 15. b5 $36) 14. f4 (14. Qe2 f4 15. b5 c5) 14... Be7 15. Nf3 Bh5 $13) 8. Qb3
(8. g3 Nb6 {/\ Qd7, Bh3, 0-0-0} (8... Qa5 9. Qe2 {/\ Bg2, 0-0} (9. Bg2 Qa6 {
This is the point, Black is fighting against 0-0.} 10. Bf1 (10. Nh4 $6 Bd3 11.
b3 e5 $1 $132 (11... e6 {is passive.} 12. c4 {(P.Popovic-Damljanovic, Novi Sad
1985)} Bg6 13. O-O O-O-O 14. Be3 $14)) (10. Be3 e6 11. Bf1 Qa5 12. Nh4 Be4 13.
f3 Bg6 14. Be2 {Now White's position is not so harmonious.} O-O-O 15. Kf2 Bd6
16. b4 Qc7 17. b5 c5 $13 {Y.Gruenfeld-Pasman, Israel 2003}) 10... Qa5 {is a
repetition of moves.} 11. Qe2 Qd5 12. Bg2 Qe4 13. Be3 Qd3 14. Nh4 Qxe2+ 15.
Kxe2 Bg4+ 16. f3 Be6 17. f4 Nb6 18. f5 Bc4+ 19. Kf2 Bd5 20. b3 Bxg2 21. Nxg2 e6
22. Rhe1 $14 {and there are defects in the black P structure, Luther-Bronstein,
Gausdal 1994.}) 9... O-O-O (9... Qd5 {see the aforementioned Luther-Bronstein
game.}) 10. Bg2 Bg7 11. O-O Rhe8 {/\ e5} 12. Nh4 Bg6 13. a4 {/\ b4 advancing
the pawns against the black K.} e5 14. Nxg6 hxg6 15. Qc4 {White's ^^ is strong,
especially the fianchettoed B.} Re6 16. b4 Qc7 17. a5 $36 {Arnason-Chandler,
Brighton 1981}) (8... Qb6 9. Qe2 (9. Bg2 Qa6 {- 8...Qa5}) 9... O-O-O 10. Bg2
Qb5 11. Qxb5 (11. c4 $6 Qb4+ 12. Bd2 (12. Nd2 h5 $132) 12... Qxb2 {Black can
bravely take the "poisoned" pawn.} 13. O-O Qa3 14. Rfc1 e5 $15 {
Timoshenko-Anic, Biel 1994}) 11... cxb5 {The _|_ is a bit better for White
because of the two doubled pawns.} 12. a4 (12. Nh4 Bc2 13. Bd2 Bg6 14. Nxg6
hxg6 15. h4 (15. Ke2 Bh6 16. f4 $14) 15... Bh6 16. Bxh6 (16. f4 $5) 16... Rxh6
17. O-O-O Nb6 $14) 12... bxa4 13. Rxa4 Kb8 14. Bf4+ $16 {Wells-Anic, Budapest
1993}) (8... Be4 $5 {/\ f5 strengthening the centralized B.} 9. Bg2 e6 10. O-O
Bg7 11. Re1 f5 $14 {Dolmatov}) 9. Bg2 (9. Nh4 $5 {disturbing Black's plan
looks interesting.}) 9... Qd7 10. O-O O-O-O (10... h5 $2 11. a4 $1 $16 {
- Campora-Morozevich, Moscow ol 1994 CBM 45}) (10... Bh3 {It is logical to
exchange the strong fianchettoed B.} 11. Bxh3 (11. a4 Bxg2 12. Kxg2 h5 (12...
Nd5 13. c4 Nc7 14. b4 {White comes first on the <<.} a6 15. Bf4 Bg7 16. Qd2 O-O
17. a5 Rad8 18. Rad1 e6 19. Rfe1 $14 {Milovanovic-Campora, Tuzla 1983}) 13. h4
Bh6 14. c4 $1 (14. a5 Nd5 15. a6 b6 16. c4 Nc7 $13) 14... O-O-O 15. Qe2 Kb8 16.
Bxh6 Rxh6 17. Rad1 Rg6 18. a5 Nc8 19. d5 $14 {and White grabs the |^ in the [+]
, Morovic Fernandez-Campora, Ponferrada 1992.}) 11... Qxh3 12. a4 {/\ a5,
c4-d5.} Qh5 (12... Qd7 13. a5 Nc8 $14) (12... Qf5 13. a5 Nd5 14. c4 Nc7 15. Bf4
Na6 16. d5 $14 {Glek-D.Roos, Germany 1993}) (12... h5 13. a5 Nd5 14. Qb3 O-O-O
15. a6 {again White's -> comes first.} b6 16. c4 Nc7 17. d5 c5 (17... cxd5 18.
c5 b5 19. Nd4 $16) 18. Bf4 $16 {Sherzer-Filipovich, Philadelphia 2003}) 13. a5
Nc4 (13... Nd5) 14. b3 Nd6 15. c4 e6 16. Ba3 {Black is deprived from long
castles.} Rd8 17. a6 b6 18. Qe2 Be7 19. Rfe1 $14 {P.Popovic-Korchnoi, Titograd
1984}) 11. a4 $1 Nd5 12. Bd2 (12. a5 h5) 12... Bh3 $142 {is the logical
continuation, the fianchettoed B is strong in attack and defence as well.} (
12... e6 $2 13. Re1 $16 {Fernandez Romero-Campora, Dos Hermanas 2005 CBM 107}))
(8. Bf4) 8... Nb6 (8... Qb6 9. Bf4 {White has a slight egde in case of
exchange of queens.} e6 10. Nd2 {/\ Nc4}) 9. a4 $1 (9. Be2 h5 10. a4 $1 $14 (
10. Nh4 Bg4 $13 {Thielemann-Goldberg, Triesen 2000})) 9... a5 {This weakens
the N's position on b6.} 10. Be2 e6 11. Bf4 {The /^ h2-b8 is of great
importance.} Be4 12. Bg3 (12. Nd2 $16) 12... h5 13. O-O Be7 14. Rad1 Rg8 15.
Rfe1 {[#]} f5 $2 {This allows White to attack.} (15... Rg7 $1 {was a good
preparatory move against what happened in the game.} 16. Nd2 (16. h4 f5 17. Nd2
Bd5 18. c4 f4 $1 $40) (16. Nh4 f5 17. Be5 Rg4 18. Nf3 Rg6 $13) 16... Bxg2 $1
17. Bxh5 Bh3 (17... Bd5 18. c4 Nxc4 19. Nxc4 f5 (19... Bb4 20. Bf3) 20. Kf1 Bb4
21. Re5 Qf6 22. Bf3 f4 23. Bxd5 cxd5 24. Nb6 $18) 18. Ne4 $14) 16. Ne5 $1 h4
17. Bh5 hxg3 $2 {This founders on tactics.} ({Still} 17... Rg7 {was required!}
18. Qxe6 hxg3 19. Bxf7+ Kf8 20. Ng6+ Rxg6 21. Qxg6 gxf2+ 22. Kxf2 Bh4+ 23. g3
Qf6 $13) 18. Rxe4 $2 ({missing the win after} 18. Bxf7+ $1 Kf8 19. Bxg8 Bd5 20.
Qxb6 $1 $18) 18... gxf2+ $2 {giving back the favour...} (18... gxh2+ $1 {
and Black has still good practical chances in the sharp position.} 19. Kh1 Kf8
20. Bxf7 Rg7 21. Ree1 Qd5 22. Qxd5 exd5 23. Be6 Nxa4 24. Rd2 f4 25. Kxh2 Bd6
$13) 19. Kxf2 Qd5 20. Bxf7+ Kf8 21. Qxd5 exd5 22. Rf4 {Now White simply wins
material and the game.} Rh8 (22... Rg5 23. h4 Rg7 24. Be6 $18) 23. Rxf5 Kg7 24.
Ng6 Bh4+ 25. g3 Bf6 26. Nxh8 Rxh8 27. Bh5 Nxa4 28. Kg1 b5 29. Rdf1 Rh6 30. R1f2
$18 (30. g4 Nxb2 31. Kh1 $1 $18 (31. g5 Bxd4+ $1 32. cxd4 Rxh5 $13)) 30... b4
31. g4 bxc3 32. g5 Bxd4 33. gxh6+ Kxh6 34. bxc3 Nxc3 35. Bf3 a4 36. Kf1 Bxf2
37. Kxf2 Kg7 38. Rg5+ Kf6 39. Rg8 c5 40. Ra8 c4 41. Ke3 Ke5 42. Ra5 a3 43. h4
a2 44. h5 1-0

[Event "Corus"]
[Site "Wijk aan Zee"]
[Date "2010.01.30"]
[Round "12"]
[White "Tiviakov, Sergei"]
[Black "Short, Nigel D"]
[Result "1/2-1/2"]
[WhiteElo "2662"]
[BlackElo "2696"]
[Annotator "Postny,E"]
[PlyCount "66"]
[EventDate "2010.01.16"]
[EventType "tourn"]
[EventRounds "13"]
[EventCountry "NED"]
[EventCategory "19"]
[SourceTitle "CBM 135"]
[Source "ChessBase"]
[SourceDate "2010.03.17"]
[SourceVersion "1"]
[SourceVersionDate "2010.03.17"]
[SourceQuality "1"]

1. e4 c6 2. d4 d5 3. Nd2 dxe4 4. Nxe4 Nf6 {Nowadays this move is rarely to be
seen in top tournaments. The usual choice is between 4...Bf5 and 4...Nd7.} 5.
Nxf6+ gxf6 6. Nf3 {As far as I know 6.c3 is considered to be the more precise
move, not allowing Black to develop his bishop to g4 so easily.} (6. c3 Qd5 $5
7. Ne2 (7. Be3 {is more flexible, keeping an option of developing the knight
to e2 or f3 according to circumstances.}) 7... e5 8. Be3 Be6 9. f4 $5 Nd7 10.
dxe5 fxe5 11. Qxd5 Bxd5 12. fxe5 Nxe5 13. Nf4 Be4 14. Be2 O-O-O 15. O-O Bh6 16.
Bd4 Rhe8 17. Nh5 Bd3 18. Bxd3 Nxd3 19. Rxf7 c5 $1 $44 {1/2-1/2 Tiviakov,S 
(2593)-Nisipeanu,L (2692)/Tripoli 2004/CBM 102 (24)}) 6... Bg4 (6... Bf5 $6 7.
Bd3 Bg6 8. Bf4 Na6 9. c3 Nc7 10. O-O Bg7 11. Re1 $14 {1-0 Tiviakov,S (2674)
-Roelvaag,M (2196)/Helsingor 2009/CBM 131 Extra (60)}) 7. Be2 Qc7 {Nigel Short
had already played this position many years ago. The move in the text is aimed
at preventing the white bishop from being developed on f4, and at the same
time preparing queenside castling.} 8. Be3 (8. c4 e6 9. O-O Nd7 10. d5 $6 O-O-O
$1 11. dxe6 Ne5 12. Nd2 Bxe6 $15 {1-0 Chiburdanidze,M (2355)-Short,N (2510)/
Dortmund 1983/MCD (28)}) 8... Nd7 9. Nh4 {Normally White doesn't hurry with
this exchange.} ({One of the possible continuations is:} 9. Qd2 O-O-O 10. O-O-O
e6 11. h3 Bh5 12. Bf4 Bd6 13. Bxd6 Qxd6 14. Qa5 Bxf3 15. Bxf3 Kb8 {with
minimal advantage for White.}) 9... Bxe2 10. Qxe2 e6 11. O-O-O O-O-O {Black
has little to worry about, the position is about equal.} 12. c4 Qa5 {[%csl Ra2]
} (12... Be7 {followed by 13...f5 is a possible plan as well.}) 13. Kb1 Nb6 14.
Qc2 Qh5 15. g3 Bh6 {Exchanges normally favour the side with less space, so
these moves are understandable.} 16. f4 Kb8 17. Rd2 {Black's queen doesn't
have many squares, but White doesn't have the necessary pieces to put it in
danger.} Rd7 18. Rhd1 Rc8 19. Qc3 Bg7 {[%cal Gf6f5]} 20. f5 {Looks like the
only attempt to make some progress, but now Black can achieve the exchange of
bishops.} Rcd8 21. b3 Bh6 (21... e5 22. Kc1 (22. dxe5 $2 Qxd1+ 23. Rxd1 Rxd1+
24. Kc2 fxe5 $15) 22... exd4 23. Rxd4 Bh6 24. Bxh6 Qxh6+ 25. Kc2 {would lead
to a very similar position to that which occurs in the game later.}) 22. Kc2
Nc8 23. Bxh6 Qxh6 24. Re1 (24. Qf3 e5 $11) 24... e5 25. Red1 exd4 (25... e4 $6
{is risky, as the e-pawn has many more chances of becoming a weakness, rather
than a powerful factor.} 26. Re1 Re7 27. Rf2 $14 {[%cal Gc3e3]}) 26. Rxd4 Rxd4
27. Rxd4 Qf8 28. Rxd8 Qxd8 29. Nf3 Qe7 30. Qd4 Nd6 31. g4 Kc7 32. Kd3 b6 33.
Qe3 Qd7 {White doesn't have a clear plan of improvement, so Sergey decided not
to torture his opponent, even though I think a draw is a bit premature.}
1/2-1/2

[Event "GBR-ch 98th"]
[Site "Sheffield"]
[Date "2011.07.24"]
[Round "1"]
[White "Eggleston, David"]
[Black "Short, Nigel D"]
[Result "0-1"]
[WhiteElo "2318"]
[BlackElo "2687"]
[Annotator "Martin,A"]
[PlyCount "140"]
[EventDate "2011.07.24"]
[EventType "swiss"]
[EventRounds "11"]
[EventCountry "ENG"]
[SourceTitle "CBM 143 Extra"]
[Source "ChessBase"]
[SourceDate "2011.08.29"]
[SourceVersion "1"]
[SourceVersionDate "2011.08.29"]
[SourceQuality "1"]

1. e4 c6 2. d4 d5 3. Nd2 dxe4 4. Nxe4 Nf6 5. Nxf6+ gxf6 6. c3 h5 $5 {Black
doesn't yet know the right square for the bishop on c8 and so makes an attempt
to turn the potentially weak pawn on h7 into a strength. Of course with any
normal plan White should be able to keep an edge, but Short seems happy to
play this idea against lower-rated opponents.} 7. Bc4 (7. Bf4 Nd7 8. Nf3 h4 9.
h3 Nb6 10. c4 Bf5 {is the same development plan as our featured game.} 11. Qb3
Bh6 12. Bxh6 Rxh6 13. Bd3 Bxd3 14. Qxd3 Qc7 {Grover,S (2485)-Short,N (2682)/
Gauteng 2011 and now White should simply settle for} 15. O-O O-O-O 16. Rfe1 {
with a slight advantage.}) (7. h4 $5 Bg4 8. Qc2 (8. Be2 Bxe2 9. Nxe2 Qd5 10.
Nf4 Qf5 11. Qd3 Qg4 12. Qe2 Qxe2+ 13. Nxe2 Nd7 14. Be3 e6 15. O-O-O b5 16. Kb1
Bd6 17. g3 Ke7 18. Bf4 Nb6 19. Bxd6+ Kxd6 20. Nf4 Nd5 21. Nd3 Rhg8 22. Kc2 a5
23. a4 Ke7 24. Ra1 Rgd8 25. Nc5 b4 26. Rhd1 Rg8 27. c4 Nb6 28. b3 Rg4 29. Rd2
Nd7 30. Rad1 Ra7 31. Nd3 Rxd4 32. Nf4 Rxd2+ 33. Rxd2 Ne5 34. Nxh5 Nf3 35. Rd1
e5 36. Kb2 Ra8 37. Rd3 Nd4 38. g4 Rg8 39. f3 f5 40. g5 Rh8 41. Rxd4 Rxh5 42.
Rd3 Rxh4 43. c5 Rd4 {0-1 Manhardt,T (2136)-Lendwai,R (2369)/Austria 2011}) 8...
Qc7 9. Bc4 Nd7 10. f3 Nb6 11. fxg4 Nxc4 12. Qe2 Qg3+ 13. Kf1 hxg4 14. Qxc4 Rh5
15. Ne2 Rf5+ 16. Bf4 Qe3 17. d5 Bh6 18. g3 Bxf4 19. gxf4 Rxd5 20. Rg1 Qh3+ 21.
Kf2 Qf3+ 22. Ke1 O-O-O 23. Rf1 Qe3 24. f5 Qd2+ 25. Kf2 Rxf5+ 26. Kg2 Re5 27.
Rf2 {1-0 Rogule,L (2362)-Khurtsilava,I (2286)/Tbilisi 2011}) 7... Nd7 8. Ne2
Nb6 9. Bb3 Bf5 10. Nf4 (10. Bf4 h4 11. Qd2 Nd5 {shows just how quickly the
advantage can pass in a position like this and now White has to cede the
bishop pair on unfavourable terms.}) ({Meanwhile} 10. Ng3 Bg6 11. Qf3 Qd7 12.
h3 O-O-O 13. a4 {leads to a similarly unbalenced position.}) 10... Qd7 11. h3
h4 12. Qf3 O-O-O 13. Be3 e5 {It looks like this thrust solves any Black
problems, but there might still be some difficulties with the pawn structure.}
14. Nh5 e4 (14... Be7 15. Ng7 Bg6 16. dxe5 fxe5 17. Rd1 $13) 15. Qe2 Qe7 16.
O-O-O Nd5 17. Nf4 Nxe3 18. fxe3 Kb8 19. Rhf1 {Which is the stronger minor
piece: the bishop on f8 or the knight on f4? White looks a bit better here,
with the easy plan of doubling rooks on the f-file, although Black will always
have plenty of counterplay, perhaps with a plan of ...Rg8-g3.} Bc8 20. Kb1 f5
21. a3 (21. Qc4 $1 {might well put Black on the defensive:} Rh7 (21... Rd7 $1
22. d5 $1 c5 $16) 22. d5 c5 23. Rd2 $16) 21... Bh6 22. Qd2 Rhg8 23. Rf2 Be6 (
23... Rg3 24. Re1 Be6) 24. c4 c5 25. Nxe6 {Eggleston bites, but his position
is not that easy anymore.} ({After} 25. d5 Bd7 26. Rdf1 Bg7 {the dark-squared
bishop is massive.}) 25... fxe6 26. d5 Rg3 $1 27. Re2 f4 {The initiative has
now passed fully to Short and the best that White can do is to go for an
opposite-coloured bishop position a pawn down.} 28. d6 Qf8 29. d7 (29. Ba4 Rxe3
30. d7 Rd3 $17) 29... Rxe3 30. Bc2 (30. Rxe3 fxe3 31. Qe2 Qf2) 30... Rxe2 31.
Qxe2 e3 32. Qh5 Bg7 33. Be4 Qf6 34. Qe2 Kc7 35. Qc2 Qe5 (35... Rxd7 36. Rxd7+
Kxd7 37. Bxb7 (37. Bf3 Kc8) 37... Qxb2+ $1 38. Qxb2 Bxb2 39. Kc2 Bxa3 {also
looks winning and probably more quickly!}) 36. Bf3 Rxd7 37. Rxd7+ Kxd7 38. Qa4+
Ke7 39. Qc2 b6 40. Qe2 Qd4 41. Kc1 Kd6 42. Qc2 Kc7 43. a4 a6 44. Kb1 b5 $1 {
To win, Black must develop an attack on the white king.} 45. axb5 axb5 46. cxb5
Qb4 47. Be2 Kb6 48. Kc1 Bd4 49. Kb1 c4 50. Kc1 (50. Bxc4 Bxb2 51. Be2 Be5+ 52.
Kc1 Qe1+ 53. Bd1 {could keep the game going for quite some time.}) 50... Ka5
51. Kb1 Kxb5 52. b3 Qe1+ 53. Bd1 cxb3 54. Qxb3+ Kc5 55. Qa3+ Kd5 56. Qb3+ (56.
Qa8+ $1) 56... Ke5 57. Qb8+ Kf5 58. Qf8+ Bf6 59. Qc5+ Kg6 60. Qc2+ Kh6 61. Qe2
Qb4+ 62. Ka2 Qa5+ 63. Kb3 Qd5+ 64. Kc2 Qa2+ 65. Kd3 Qa6+ 66. Kc2 Qa4+ 67. Kd3
Qd4+ 68. Kc2 f3 $1 69. Qxf3 (69. Qb5 Qc3+ 70. Kb1 e2 71. Bxe2 fxg2 72. Qh5+ Kg7
73. Qg4+ Kf8 $19) 69... Qc3+ 70. Kb1 Qb2# {Both the top seeds really had to
work hard in the first round.} 0-1

[Event "Gibraltar Masters 10th"]
[Site "Caleta"]
[Date "2012.01.29"]
[Round "6"]
[White "Negi, Parimarjan"]
[Black "Rapport, Richard"]
[Result "1-0"]
[WhiteElo "2641"]
[BlackElo "2543"]
[Annotator "Let's Check"]
[PlyCount "59"]
[EventDate "2012.01.24"]
[EventType "swiss"]
[EventRounds "10"]
[EventCountry "GGB"]
[SourceTitle "CBM 147"]
[Source "ChessBase"]
[SourceDate "2012.03.16"]
[SourceVersion "1"]
[SourceVersionDate "2012.03.16"]
[SourceQuality "1"]

1. e4 c6 2. d4 d5 3. Nd2 dxe4 4. Nxe4 Nf6 5. Nxf6+ gxf6 6. Be3 Qb6 7. Bd3 Qxb2
8. Ne2 Qb4+ 9. c3 Qa5 10. O-O Bf5 11. Qb1 Bxd3 12. Qxb7 $1 Bg7 13. Qxa8 O-O 14.
Rfb1 Bxb1 15. Rxb1 Nd7 16. Qxc6 Qxa2 17. Rc1 Nb6 18. Nf4 Bh6 19. Qb7 Re8 20. h3
Bg5 21. c4 Nxc4 22. Qd5 Rc8 23. h4 Bxf4 24. Bxf4 Qe2 $2 (24... Qa6 25. Bh6 Nd6
$11) 25. Bh6 $18 f5 26. Qb7 Re8 27. Qb5 Rc8 28. d5 Qg4 29. Qd7 Ra8 30. Qc6 1-0

[Event "Rasht Khazar op 10th"]
[Site "Rasht"]
[Date "2012.03.04"]
[Round "6"]
[White "Golizadeh, Asghar"]
[Black "Babaev, Talyb"]
[Result "1/2-1/2"]
[WhiteElo "2463"]
[BlackElo "2344"]
[Annotator "CB"]
[PlyCount "144"]
[EventDate "2012.02.29"]
[EventType "swiss"]
[EventRounds "11"]
[EventCountry "IRI"]
[SourceTitle "CBM 147 Extra"]
[Source "ChessBase"]
[SourceDate "2012.04.24"]
[SourceVersion "1"]
[SourceVersionDate "2012.04.24"]
[SourceQuality "1"]

1. e4 c6 2. d4 d5 3. Nc3 dxe4 4. Nxe4 Nf6 5. Nxf6+ gxf6 6. Nf3 Bg4 7. Be2 Qc7
8. O-O Nd7 9. c4 O-O-O 10. Nh4 Bxe2 11. Qxe2 e6 12. Nf3 h5 13. Be3 Kb8 14. d5
e5 15. Rfd1 c5 16. Qc2 Bh6 17. Bxh6 Rxh6 18. Nh4 Nb6 19. Rd3 Rg8 20. Rg3 Rg4
21. Nf5 Rhg6 22. b3 e4 $2 23. Re1 (23. Rxg4 $142 Rxg4 24. Re1 $18) 23... Qe5
24. Rxg4 Rxg4 25. f3 Rg5 26. Ng3 $2 (26. f4 $142 Qxf4 27. Rxe4 $18) 26... Qd4+
27. Qf2 exf3 28. Qxd4 cxd4 29. Re4 d3 30. Rd4 fxg2 31. Kxg2 Nd7 32. h4 Rg4 33.
Rxg4 hxg4 34. Nf1 $2 (34. Kf2 $142 $18) 34... f5 35. h5 f4 36. h6 Nf8 37. c5
Kc7 38. b4 f5 39. b5 b6 40. c6 Kd6 $2 41. Nd2 Kc7 42. Nc4 f3+ 43. Kg3 Nh7 44.
d6+ Kc8 45. a4 Nf6 46. a5 f4+ 47. Kxf4 f2 48. Nd2 bxa5 49. Kg3 $4 (49. Kf5 $18)
49... a4 50. Kxf2 a3 51. h7 Nxh7 52. b6 axb6 53. Nc4 d2 54. Nxb6+ Kb8 55. c7+
Ka7 56. Nc8+ Kb7 57. Ne7 d1=Q 58. c8=Q+ Kb6 59. Qc6+ Ka5 60. Qc5+ Ka4 61. Qc4+
Ka5 62. Qc5+ Ka4 63. Qc4+ Ka5 64. Nc6+ Kb6 65. Nd4 Qd2+ 66. Kg3 Qe3+ 67. Kxg4
Qg5+ 68. Kf3 Qf6+ 69. Ke3 Qe5+ 70. Kd3 Qxd6 71. Qb3+ Kc7 72. Kc4 Kd8 1/2-1/2